Telecommunicaions Device Data / (Record no. 189174)
[ view plain ]
| 000 -LEADER | |
|---|---|
| fixed length control field | 00619 a2200157 4500 |
| 003 - CONTROL NUMBER IDENTIFIER | |
| control field | Nust |
| 005 - DATE AND TIME OF LATEST TRANSACTION | |
| control field | 20221208121917.0 |
| 020 ## - INTERNATIONAL STANDARD BOOK NUMBER | |
| International Standard Book Number | 1870760034 |
| 040 ## - CATALOGING SOURCE | |
| Transcribing agency | Nust |
| 082 ## - DEWEY DECIMAL CLASSIFICATION NUMBER | |
| Classification number | 621.382,MOT |
| 245 ## - TITLE STATEMENT | |
| Title | Telecommunicaions Device Data / |
| 260 ## - PUBLICATION, DISTRIBUTION, ETC. | |
| Name of publisher, distributor, etc. | Motorola |
| Date of publication, distribution, etc. | 1988 |
| 505 ## - FORMATTED CONTENTS NOTE | |
| Formatted contents note | Alphanumeric Index (Page-1), Selector Guide and Cross Reference (Page-2), Data Sheets (Page-3), List of Application Notes and Technical Articles (Page-4), Glossary (Page-5), Handling and Design Guidelines (Page-6), Quality and Reliability (Page-7), Mechanical Data (Page-8). |
| 650 ## - SUBJECT ADDED ENTRY--TOPICAL TERM | |
| Topical term or geographic name entry element | Telecommunication Engineering |
| 942 ## - ADDED ENTRY ELEMENTS (KOHA) | |
| Source of classification or shelving scheme | |
| Koha item type | Book |
| Withdrawn status | Lost status | Source of classification or shelving scheme | Damaged status | Not for loan | Permanent Location | Current Location | Shelving location | Date acquired | Full call number | Barcode | Date last seen | Price effective from | Koha item type | Public note |
|---|---|---|---|---|---|---|---|---|---|---|---|---|---|---|
| Military College of Signals (MCS) | Military College of Signals (MCS) | General Stacks | 12/12/2016 | 621.382,MOT | MCS34988 | 12/08/2016 | 12/12/2016 | Book | Almirah No.35, Shelf No.4 |
